01307nam a2200217 a 450000100100000000500170001000800410002704000250006808200180009311000770011124501760018826000720036430000370043665000900047304900090056395201310057295201310070395201160083495201220095099900170107200001693520200929165002.0100312s1982 dr ac 000 0 spa d aDO-SdBNPbspacBNPHU a380.14bP214g1 aRepública Dominicana.bInstituto de Estabilización de precios93744010aPapel y gestión del INESPRE en la comercialización de productos agropecuarios básicos en la República Dominicana 1978-1982 /cedición Eurípides Herasme Peña. a[Santo Domingo] :bInstituto de Estabilización de precios,c1982. a267 p. :bil. ; retrs. ;c21 cm. 4aPolítica comercialxControl de la producciónxControl de precio (gobierno)937441 aBNPD 001154708DSaGRbGRcMId2010-03-12iLF1l0o380.14 P214gp16935-40r2020-06-25te. 3w2020-06-25yLFDSZPréstamo en sala 001154708DSaGRbGRcMId2010-03-12iLF1l0o380.14 P214gp16935-50r2020-06-25te. 4w2020-06-25yLFDSZPréstamo en sala 0010718PDaPDbPDcHDd2010-03-12iLF1l0o380.14 P214gp16935-10r2020-06-25w2020-06-25yLFPDZNo se presta 0011718PDaPDbPDcMId2010-03-12iLF1l0o380.14 P214gp16935-20r2020-06-25te. 2w2020-06-25yLFPDZNo se presta c16467d16467